Statistics for Guess the Landmark of the Country

Click here to take the quiz!

General Stats

  • This quiz has been taken 45 times
    (15 since last reset)
  • The average score is 16 of 32

Answers on the Map

Answers color-coded by a green-red scale on the quiz's map according to % correct below.
 

Answer Stats

Answer% Correct
Statue of liberty
100%
Big ben
90%
Neuschwanstein Castle
80%
Notre-Dame de Paris
80%
Chichen Itza
70%
Great Pyramid of Giza
70%
Great Wall of China
70%
Osaka Castle
70%
Taj mahal
70%
Christ the Redeemer
60%
Leaning tower of Pisa
60%
Ryugyong Hotel
60%
Stockholm City Hall
60%
Angkor Wat
50%
Castle of Good Hope
50%
Dome of the Rock
50%
Ha Long Bay
50%
Prague astronomical clock
50%
Sagrada Família
50%
Uluru
50%
Blue Mosque
40%
Castillo de San Pedro de la Roca
40%
Kinderdijk
40%
Lake Louise
40%
Saint Basil's Cathedral
40%
Bulguksa
30%
Trolltunga
30%
Turku Castle
30%
Blarney Castle
20%
Huka Falls
20%
San Ignacio Miní
10%
Kelimutu
0%

Score Distribution

Percentile by Number Answered

Percent of People with Each Score

Your Score History

You have not taken this quiz since the last reset